Normal view
MARC view
- JINI SOLUTIONS ON WINDOWS, LINUX, SOLARIS AND OTHER OPERATING SYSTEMS; JINI NETWORK TECHNOLOGY
Entry Topical Term
001 - CONTROL NUMBER
- control field: 60800
003 - CONTROL NUMBER IDENTIFIER
- control field: NUST
005 - DATE AND TIME OF LATEST TRANSACTION
- control field: 20210628202630.0
008 - FIXED-LENGTH DATA ELEMENTS
- fixed length control field: 210628|| aca||aabn | a|a d
040 ## - CATALOGING SOURCE
- Original cataloging agency: NUST
- Transcribing agency: NUST
150 ## - HEADING--TOPICAL TERM
- Topical term or geographic name entry element: JINI SOLUTIONS ON WINDOWS, LINUX, SOLARIS AND OTHER OPERATING SYSTEMS; JINI NETWORK TECHNOLOGY
670 ## - SOURCE DATA FOUND
- Source citation: Work cat.: (NUST): Edwards, W.Keith 60799, Core jini, 2001
